Chancen und Grenzen pädagogischen Handelns im Strafvollzug
| 1. VerfasserIn: | |
|---|---|
| Medienart: | Druck Aufsatz |
| Sprache: | Deutsch |
| Veröffentlicht: |
1989
|
| In: |
Zeitschrift für Strafvollzug und Straffälligenhilfe
Jahr: 1989, Band: 38, Heft: 1, Seiten: 10-14 |
| Bestand in Albert-Krebs Bibliothek: | Z.01 24.1975 - 55.2006 |
| Verfügbarkeit prüfen: | HBZ Gateway |
| Schlagwörter: |
MARC
| LEADER | 00000caa a2200000 c 4500 | ||
|---|---|---|---|
| 001 | 1628464666 | ||
| 003 | DE-627 | ||
| 005 | 20260505204830.0 | ||
| 007 | tu | ||
| 008 | 120207s1989 xx ||||| 00| ||ger c | ||
| 035 | |a (DE-627)1628464666 | ||
| 035 | |a (DE-576)358265142 | ||
| 035 | |a (DE-599)BSZ358265142 | ||
| 040 | |a DE-627 |b ger |c DE-627 |e rakwb | ||
| 041 | |a ger | ||
| 084 | |a 2,1 |2 ssgn | ||
| 100 | 1 | |a Schatz, Günther |4 aut | |
| 245 | 1 | 0 | |a Chancen und Grenzen pädagogischen Handelns im Strafvollzug |c Günther Schatz |
| 264 | 1 | |c 1989 | |
| 336 | |a Text |b txt |2 rdacontent | ||
| 337 | |a ohne Hilfsmittel zu benutzen |b n |2 rdamedia | ||
| 338 | |a Band |b nc |2 rdacarrier | ||
| 650 | 4 | |a Strafvollzug |x Unterricht |x Lernziel |7 (dpeaa)DE-2619 | |
| 650 | 4 | |a Strafvollzug |x Erziehung |7 (dpeaa)DE-2619 | |
| 650 | 4 | |a Strafvollzug |7 (dpeaa)DE-2619 | |
| 650 | 4 | |a Lernziel |7 (dpeaa)DE-2619 | |
| 650 | 4 | |a Unterricht |7 (dpeaa)DE-2619 | |
| 650 | 4 | |a Lehrer im Vollzug |7 (dpeaa)DE-2619 | |
| 650 | 4 | |a Pädagogisches Handeln |7 (dpeaa)DE-2619 | |
| 650 | 4 | |a Vollzugspädagogik |7 (dpeaa)DE-2619 | |
| 773 | 0 | 8 | |i In |t Zeitschrift für Strafvollzug und Straffälligenhilfe |d Wiesbaden : Ges. für Fortbildung der Strafvollzugsbediensteten, 1975 |g 38(1989), 1, Seite 10-14 |w (DE-627)130166723 |w (DE-600)519517-2 |w (DE-576)015709817 |x 0342-3514 |7 nnas |
| 773 | 1 | 8 | |g volume:38 |g year:1989 |g number:1 |g pages:10-14 |
| 889 | |w (DE-627)1942284357 | ||
| 935 | |a mkri | ||
| 951 | |a AR | ||
| AKB | |a 24.1975 - 55.2006 |b Z.01 | ||
| ELC | |b 1 | ||
| LOK | |0 000 xxxxxcx a22 zn 4500 | ||
| LOK | |0 001 3274123161 | ||
| LOK | |0 003 DE-627 | ||
| LOK | |0 004 1628464666 | ||
| LOK | |0 005 20250620151754 | ||
| LOK | |0 008 120207||||||||||||||||ger||||||| | ||
| LOK | |0 040 |a DE-21-110 |c DE-627 |d DE-21-110 | ||
| LOK | |0 689 |a s |a Erziehung | ||
| LOK | |0 852 |a DE-21-110 | ||
| LOK | |0 852 1 |m p |9 00 | ||
| LOK | |0 935 |a k110 | ||
| LOK | |0 938 |k p | ||
| LOK | |0 939 |a 2012-02-07 |b l01 | ||
| LOK | |0 000 xxxxxcx a22 zn 4500 | ||
| LOK | |0 001 4196307280 | ||
| LOK | |0 003 DE-627 | ||
| LOK | |0 004 1628464666 | ||
| LOK | |0 005 20221011151403 | ||
| LOK | |0 008 221011||||||||||||||||ger||||||| | ||
| LOK | |0 035 |a (DE-2619)p00208 | ||
| LOK | |0 040 |a DE-2619 |c DE-627 |d DE-2619 | ||
| LOK | |0 092 |o n | ||
| LOK | |0 852 |a DE-2619 | ||
| LOK | |0 852 1 |m p |9 00 | ||
| LOK | |0 935 |a kreb | ||
| LOK | |0 938 |k p | ||
| LOK | |0 939 |a 2022-10-11 |b l01 | ||
| ORI | |a WA-MARC-krimdoka001.raw | ||
